The 12 noble houses of Gondolin - Statistics

General Stats
  • This quiz has been taken 15 times
  • The average score is 19 of 24
Answer Stats
Answers % Correct
Rog
100%
The House of the Fountain
100%
The House of the Golden Flower
100%
The House of the Heavenly Arch
100%
The House of the King
100%
The House of the Mole
100%
The House of the Pillar
100%
The House of the Swallow
100%
Glorfindel
83%
Penlod
83%
Penlod
83%
The House of the Harp
83%
The House of the Tree
83%
Ecthelion
67%
Maeglin
67%
The house of the Hammer of Wraith
67%
The house of the Tower of Snow
67%
The House of the White Wing
67%
Tuor
67%
Turgon
67%
Duilin
50%
Galdor
50%
Salgant
50%
Egalmoth
33%
No matching quizzes found
Score Distribution
Percent of People with Each Score
Percentile by Number Answered
Your Score History
You have not taken this quiz